| 000 | 01761nam a22002777a 4500 | ||
|---|---|---|---|
| 005 | 20100811102945.0 | ||
| 010 | _aB-453776-780 | ||
| 020 |
_a8125033157 _c625.00 |
||
| 020 |
_a9788125033158 _c625.00 |
||
| 035 | _aB-453776-780 | ||
| 037 | _bR.B.C/Ven | ||
| 082 | _a476151.0954 | ||
| 100 |
_aBode, Maarten _942911 |
||
| 245 |
_aTaking traditional knowledge to the market : _bthe modern image of the ayurvedic and unani industry,1980-2000 / _cby Maarten Bode |
||
| 260 |
_aNew Delhi _bOrient Longman _c2008 |
||
| 270 |
_a1/24 Asaf Ali Road, _bNew Delhi _e110002 |
||
| 300 |
_axi,259p. _c22cm (Hb) |
||
| 500 | _aIncludes bibliographical references and index | ||
| 942 |
_2ddc _cEN _mBOD _h576151.0954 |
||
| 999 |
_c63319 _d63319 |
||